000 00567nam a2200229Ia 4500
003 OSt
005 20220916111021.0
006 a|||||r|||| 00| 0
007 ta
008 220915b |||||||| |||| 00| 0 eng d
024 _a103452
037 _cTextbook
040 _beng
_aARTS
_cARTS
041 _aeng
082 _aV2:1:M5, J73;1 (906)
100 _aJoshi P C ed
245 0 _aRebellion 1857 : a symposium
260 _c1957
650 _aHISTORY
942 _hV2:1:M5, J73;1 (906)
_cTB
_2CC
999 _c103468
_d103468